| 000 | 00000nam 2200000za 4500 |
| 001 | 9.800471 |
| 003 | CaOODSP |
| 005 | 20250506145325 |
| 007 | cr ||||||||||| |
| 008 | 150420s1980 xxcao |s f000 0 fre d |
| 040 | |aCaOODSP|bfre |
| 043 | |an-cn--- |
| 086 | |aA63-1658/1980F-PDF |
| 100 | 1 |aProudfoot, F. G. |d1921- |
| 245 | 10|aProduction du dindon à griller |h[ressource électronique] / |cF.G. Proudfoot et H.W. Hulan, S.F. Allaby. |
| 260 | |aOttawa :|bAgriculture Canada,|c1980. |
| 300 | |a43, [1] p. :|bfigs. tableaux, ill. |
| 500 | |aPublication historique numérisée par Agriculture et Agroalimentaire Canada. |
| 500 | |aÉgalement disponible en anglais sous le titre : Turkey broiler production. |
| 504 | |aBibliographie : p.40-43. |
| 692 | 07|2gccst|aVolaille |
| 692 | 07|2gccst|aAgriculture |
| 700 | 1 |aHulan, H. W. (Howard Winston) |
| 700 | 1 |aAllaby, S. F. |
| 710 | 1 |aCanada.|bAgriculture Canada. |
| 775 | 08|tTurkey broiler production |w(CaOODSP)9.800465 |
| 856 | 40|qPDF|s3.75 Mo|uhttps://publications.gc.ca/collections/collection_2015/aac-aafc/A63-1658-1980-fra.pdf |
| 986 | |aPublication 1658 |